| 000 | 01247cam a22002891i 4500 | ||
|---|---|---|---|
| 003 | SA-RiAUC | ||
| 005 | 20241204083506.0 | ||
| 008 | 241203s1991 mr g b 000 0 ara c | ||
| 040 |
_aSA-JeALM _bara _cSA-RiAUC _erda |
||
| 082 | 0 | 4 |
_a258.2 _qSA-RiAUC |
| 090 |
_a258.2 _bو ض ي |
||
| 100 | 1 |
_aالوضيفي، المصطفى _eمؤلف. |
|
| 245 | 1 | 2 |
_aالمدخل إلى أصول التشريع الإسلامي : _bدراسة في الميتودولوجيا المالكية / _cالمصطفى الوضيفي. |
| 246 | 3 | 0 | _aأصول التشريع الإسلامي |
| 264 | 1 |
_a[مراكش] : _b[الناشر غير محدد]، _c1991 |
|
| 264 | 3 |
_aالدار البيضاء : _bمطبعة التيسير |
|
| 300 |
_a144 صفحة ؛ _c23 سم |
||
| 336 |
_aنص _btxt _2rdacontent _3كتاب |
||
| 337 |
_aبدون وسيط _bn _2rdamedia |
||
| 338 |
_aمجلد _bnc _2rdacarrier |
||
| 504 | _aببليوجرافية : صفحة 135-142. | ||
| 590 | _a3e exemplaire recu le 25/06/92 de (243) BL:000238 / 4e exemplaire est reçu le 14/02/97 de (313) Don. | ||
| 650 | 7 |
_aأصول الفقه الإسلامي _2aucsh |
|
| 650 | 7 |
_aالشريعة الإسلامية _2aucsh |
|
| 942 |
_2ddc _cBOOK _n0 |
||
| 949 |
_aSA-JeALM _d241203 _uosman123 _n1 |
||
| 999 |
_c3006 _d3006 |
||